| 000 | 00508cam a2200217 4500 | ||
|---|---|---|---|
| 008 | 090401t1991 xxu||||| |||| 00| 0 eng d | ||
| 020 | _a1853800228 | ||
| 035 | _a(Sirsi) u40011 | ||
| 041 | _aeng | ||
| 050 |
_a690 _c18 |
||
| 100 | _aKwakye, A. A. | ||
| 245 | _aFast track construction | ||
| 260 |
_aAscot _bCIOB _c1991 |
||
| 300 |
_a36p. _c30cm. |
||
| 350 | _a7 | ||
| 490 |
_aCIOB Occasional Paper _v46 |
||
| 650 | _aFAST TRACK | ||
| 690 | _aBUILT ENVIRONMENT | ||
| 942 | _n0 | ||
| 948 | _c04/03/1997 | ||
| 999 |
_c90843 _d90843 |
||